00798nam a2200205 a 45000010005000000030005000050050017000100080041000270400020000682450031000882600036001193000011001555000222001666500036003886500041004247000022004657000020004877100033005077100052005405622CDMR20131121141403.0130130s1965||||||||||||||||||||||||||||d aCDMRbcatcCDMR 4aThe practice of journalism aLondonc1965bWilliam Heinemann a351 p. aContribuidors: David Cole, Maurice Fagence, Harold Evans, Dr Syntax, Leonard C.J. McNAE, E.A.Harwood, L.J. DICKER, Norman K. Moran, Ronald C. Stevens, Allen Hutt, Alan Lloyd, John Broxholme, Ray Colley, Peter Williams04aPeriodismexManuals, guies, etc04aPeriodistesxPràctica professional1 aGeorge Vinereed.1 aJohn Dodgeeed.2 aNational Union of Journalist2 aNational Council fot the Training of Journalist